MDQL
is popping MORE tags! Check the
thread
!
Quizzes
Events
Quiz Creation
Community
Videos
Private Events
Remove Ads
Sign In
Join for FREE
Feedback
Dark Mode
Quiz Categories
Sports
Geography
Music
Movies
Television
Just For Fun
Miscellaneous
History
Literature
Language
Science
Gaming
Entertainment
Religion
Holiday
For Kids
Quiz Lab
Recent
Popular Today
Quiz Kudos Today
Editor Picks
Curator Picks
Quizzes by...
Day
Popularity
Type
Ratings
Length
Year
Community
Subscriptions
Recent Discussions
Orange Saloon
Badges
Playlists
Quests
Create
Leaderboards
Showdown
Live 5
Trivia Bingo
Activity
Puzzle Library
Sporcle Events
Private Events
Virtual Trivia
Globe League
Become a Host
Pub Owners
SporcleCon
Opinionation
Our Games
Videos
Blog
Mobile Apps
Partnerships
Remove Ads and Go Orange
Feedback
Music
Pop Music
The Beatles
Song
Album
Lyrics
Bands
Singers
Artist
Clip
Rock
Rap
Classical
Billboard
Country Music
Kpop
Taylor Swift
Music
Pop Music
The Beatles
Song
Album
Lyrics
Bands
Singers
Artist
Clip
Rock
Rap
Classical
Billboard
Country Music
Kpop
Taylor Swift
Random Quiz
Search Sporcle
×
Editor Pick
Editor Pick
Music
Artist
Type in answers that appear in a list
Type in answers that appear in a list
Classic
Best Score? Go Orange.
Recognize These Piano Intros? Stats
Can you name the songs from which these piano introductions are taken?
By
Rockerchick1080
11m
30 Questions
1,920 Plays
1,920 Plays
1,920 Plays
Comments
Comments
Give Quiz Kudos
Give Quiz Kudos
-
- Ratings
hide this ad
Replay
Link that replays current quiz
Next Quiz
Link to next quiz in quiz playlist
You Got
0%
They Got
Avg Score
29%
Avg Friend Score
Upgrade to see
Score Distribution
Jump to the score distribution portion of the page
Score
0/30
Timer
11:00
0
Plays Today
Time
Song Title
% Correct
04:42-
04:52
Don't Stop Believin'
70.5%
02:54-
03:01
Clocks
69.3%
03:36-
03:46
Bennie and the Jets
56.3%
03:55-
04:05
Drops of Jupiter
55.1%
04:53-
05:03
A Thousand Miles
54.1%
03:47-
03:54
Cold As Ice
49.6%
04:22-
04:33
In the End
48.6%
02:28-
02:32
Genie In a Bottle
46.6%
03:12-
03:25
Praise You
43%
04:34-
04:41
Walking In Memphis
42.9%
03:26-
03:35
Bring Me to Life
42%
00:48-
00:54
All My Life
37.7%
01:07-
01:18
It's All Coming Back to Me Now
32.5%
02:07-
02:15
Saturday In the Park
31.7%
01:43-
01:46
Let's Spend the Night Together
25.7%
Time
Song Title
% Correct
01:19-
01:26
King of Pain
23.1%
02:33-
02:45
Bad Company
22.9%
00:00-
00:07
Incomplete
22.7%
01:27-
01:36
Nightswimming
17.4%
01:37-
01:42
Another Night
15.3%
00:08-
00:16
Prelude (Angry Young Man)
15.2%
01:56-
02:06
Dreaming of You
15.1%
03:02-
03:11
Crazy for This Girl
13.1%
04:06-
04:21
Locomotive Breath
11.1%
00:31-
00:47
Just Another Day
9.4%
00:17-
00:30
Silver and Cold
5.4%
02:16-
02:27
Fantasy
5.2%
00:55-
01:06
Dreamer
4.5%
02:46-
02:53
Straight Lines
3.7%
01:47-
01:55
Full Moon
2.5%
Quiz Playlist
Details
Report
Send in Message
Add To Playlist
Classic:
Type in answers that appear in a list
Last Updated: Feb 16, 2017
Editor Pick in
Music
Quiz Scoreboard
CHALLENGE
Sign Up to Join the Scoreboard
Show All
Scores
Hide
Comments
May contain spoilers
Recently Published
Two Season TV Shows II
by 123Four
Television
10m
Image Sorting: Flags VI
by Barbecue
Geography
2m
Find the 'City' Movie
by crazypaving
Movies
60s
More to Explore
Quiz From the Vault
Featured Blog Post
14 Easter Pick-up Lines to Find Eggs With
hide this ad
You Might Also Like...
Tags
Artist Quiz
Song Quiz
introduction
Piano
taken
Today's Top Quizzes in Music
Browse Music
hide this ad
Today's Top Quizzes in Artist
Browse Artist
Top Contributed Quizzes in Music
1
5X2 Blitz: Bands II
2
5X2 Blitz: The Beatles
3
Taylor Swift All Songs (2024)
4
5X2 Blitz: Billboard
5
5X2 Blitz: Billboard II
6
Music Artist by Three 2010s hits
7
5X2 Blitz: Album
8
5X2 Blitz: Rock
9
5X2 Blitz: Singers
10
5X2 Blitz: Lyrics
Explore More
Trending Topics
Crossword
Marvel
Disney
Anime
NBA
Harry Potter
Kpop
Song
Puzzle
Pokémon
Country
The Office
WWE
Soccer
NFL
hide this ad
More By:
Rockerchick1080
Quiz
Plays
Rating
Category
Featured
Created
Heart-Shaped Foods by Picture
64,842
4.02
Miscellaneous
Feb 6, 2013
Novels Written by Female Authors
52,730
4.62
Literature
Jan 4, 2013
Most Popular Saints (US Churches)
3,662
4.71
Religion
Jan 4, 2013
GRE Vocab Review I
2,783
3.60
Language
Jan 2, 2013
Recognize These Piano Intros?
1,920
4.32
Music
Apr 29, 2010
Go to Creator's Profile
Score Distribution
Quiz Creator Spotlight
Rockerchick1080
Follow
Send a Message
Quizzes Created
-
Created Quiz Play Count
-
More By This Creator
Popular Quizzes Today
1
Find the US States - No Outlines Minefield
2
Colored Red Africa Blitz
3
Find the 'City' Movie
4
5x2 Blitz: Bands
5
The Countries of the World
6
Find the Countries of Europe - No Outlines Minefield
7
Find the US States
8
US States
More Music Quizzes
'90s Songs by Two Lyrics
Published
Trending Quizzes
Colored Red Europe Blitz I
Colored Red Africa Blitz II
Colored Red Europe Blitz II
Even More Two Season TV Shows
Colored Red Africa Blitz III
Recently Updated
March Madness Men's Triple Doubles
pecheneg
How Do You Spell That?
pecheneg
Godzilla Movies
pecheneg
Grab Bag: 4-10 Letters
pecheneg
2024 March Madness Bracket
pecheneg
Famous TV Couples
Peacemaker
Champions League XIs: Real Madrid
pecheneg
Largest US Cities 1790-2010
pecheneg
Rides in Walt Disney World
pecheneg
Most Oscar Losses (Acting)
pecheneg
Trending Topics
Crossword
Anime
Kpop
Disney
Marvel
Harry Potter
NBA
Pokémon
NFL
The Office
Country
Soccer
Puzzle
Song
WWE
Your Account Isn't Verified!
In order to create a playlist on Sporcle, you need to verify the email address you used during registration. Go to your
Sporcle Settings
to finish the process.
Report this User
Report this user for behavior that violates our
Community Guidelines
.
Details:
Send Report
Go to the Sporcle.com Mobile Site →
Comments